000 01414nab a22002657a 4500
999 _c6001
_d6001
003 OSt
005 20260115222106.0
008 190605e xxu||||| |||| 00| 0 spa d
040 _cPJ
100 _94490
_aMoia, Ángel L.
245 1 0 _aUna sentencia en dos actos. ¿Revisión de la cosa juzgada o retroactividad de un criterio jurisprudencial? /
_cÁngel L. Moia.
260 _aCiudad Autónoma de Buenos Aires :
_bThomson Reuters La Ley,
_c2025.
300 _ap. 104-113
500 _aCita Online: Cita: TR LALEY AR/DOC/367/2025.
505 _aSumario: I. El caso.— II. La cosa juzgada.— III. Los fundamentos de la revisión en el caso.— IV. La revisión de la cosa juzgada.— V. Las razones de la revisión.— VI. ¿Arreglo de la cuenta de intereses o indexación del capital de la condena?— VII. Conclusiones.
505 _aFallo comentado: CNTrab., sala X ~ 03/12/2024 ~ Tramando S.A c. Querin Cortez, Franco s/ revisión de cosa juzgada.
505 _t¿Te interesa el texto completo? Solicitalo al correo: koha@justierradelfuego.gov.ar
650 0 _91316
_aDERECHO LABORAL
650 0 _9965
_aCOSA JUZGADA
650 0 _9533
_aINTERESES
650 0 _93790
_aACTUALIZACIÓN MONETARIA
650 0 _92095
_aSENTENCIA
773 0 _02711
_93168
_dCiudad Autónoma de Buenos Aires : Thomson Reuters La Ley, 1999-2002.
_tRevista de derecho del trabajo. Nº 2 - Marzo 2025
942 _2udc
_cANA